Riconosci il Pokémon - Quiz n°829 - Statistics

Statistiche generali
  • Questo quiz è stato fatto 3 volte
  • Il punteggio medio è 6 su 10
Statistiche sulle risposte
Indizio Riposta % Corretto
Tipo Elettro / Spettro; Elettro / Fuoco; Elettro / Acqua; Elettro / Ghiaccio; Elettro / Volante; Elettro / Erba
100%
Peso 0,3 kg
50%
Altezza 0,3 m
50%
Tasso di cattura 45 (11.9%)
50%
Abilità Levitazione
50%
Tasso di allevamento Medio-Veloce
50%
Stadio evoluzione Non si evolve
50%
Generazione Quarta
50%
Pokémon Rotom
50%
Sesso Sconosciuto
50%
Nessun quiz corrispondente trovato
Distribuzione punteggi
Percentuale di utenti per punteggio
Percentile per numero di risposta
I tuoi punteggi nel tempo
Non hai fatto questo quiz